Kevin Bacon Movies - Statistics

General Stats
  • This quiz has been taken 238 times
  • The average score is 9 of 55
Answer Stats
Hint Answer % Correct
1984 Footloose
90%
1992 A Few Good Men
58%
2000 Hollow Man
51%
1990 Tremors
51%
1995 Apollo 13
41%
1990 Flatliners
41%
2003 Mystic River
34%
1996 Sleepers
34%
1978 Animal House
32%
1980 Friday the 13th
31%
1999 Stir of Echoes
31%
1994 The River Wild
30%
1998 Wild Things
26%
1991 JFK
24%
2011 X-Men: First Class
23%
1988 She's Having a Baby
22%
1995 Murder In the First
20%
1982 Diner
16%
1991 He Said, She Said
16%
2004 The Woodsman
15%
1995 voice Balto
14%
2011 Crazy, Stupid, Love.
11%
2007 Death Sentence
11%
2013 R.I.P.D.
11%
1986 Quicksilver
10%
1997 Picture Perfect
9%
2002 Trapped
9%
2008 Frost/Nixon
7%
2000 My Dog Skip
7%
2010 Super
7%
1994 The Air Up There
7%
1987 White Water Summer
6%
2005 Beauty Shop
5%
1997 Digging to CHina
5%
1991 Pyrates
5%
1989 The Big Picture
5%
2005 Where the Truth Lies
5%
2005 Loverboy
4%
1997 Telling Lies in America
4%
2011 Elephant White
3%
1982 Forty Deuce
3%
1980 Hero at Large
3%
1988 Lemon Sky
3%
2009 My One and Only
3%
1981 Only When I Laugh
3%
1991 Queens Logic
3%
1979 Starting Over
3%
2007 The Air I Breathe
3%
2004 Cavedweller
2%
1988 Criminal Law
2%
1987 End of the Line
2%
1983 Enormous Changes at the Last Minute
2%
2011 Jayne Mansfield's Car
2%
1994 New York Skyride
1%
2007 Rails & Ties
1%
No matching quizzes found
Score Distribution
Percent of People with Each Score
Percentile by Number Answered
Your Score History
You have not taken this quiz